000 00476nmm a2200157Ia 4500
008 251105s9999||||xx |||||||||||||||||und||
020 _a9788431513054
041 _aspa
100 _ade expertos 2100, Equipo
245 0 _aGuía práctica de los buenos modales
264 _a[Madrid, España] :
_bDe Vecchi,
_c[Fecha de publicación no identificada]
300 _a0 páginas
650 _aFamily
856 _uhttps://public.digitaliapublishing.com/a/122801
942 _cCF
999 _c80931
_d80931